| 000 | 00949nam a2200229Ia 4500 | ||
|---|---|---|---|
| 001 | L189-1731 | ||
| 003 | IT-CnALBA | ||
| 008 | 170116s9999||||xx |||||||||||||| ||und|| | ||
| 040 |
_aIT-CnALBA _cIT-CnALBA |
||
| 041 | _aITALIANO | ||
| 100 |
_aTOMMASO D'AQUINO _gSANTO DOTTORE |
||
| 245 | 0 | _aFEDE E RAGIONE. ESTRATTI DALLE DUE SOMME. | |
| 250 | _a2a ed. | ||
| 260 |
_a TO BO CT PA _bSOCIETÀ ED. INTER. _c1958 [1° Ed.: n.d.] |
||
| 300 | _a202 p. (prefazione: 12) | ||
| 500 | _aCURATORE CARLINI ARMANDO. FEDE E RAGIONE. ESISTENZA DI DIO. CREAZIONE DEL MONDO. UOMO. CONOSCENZA DI DIO. BEATITUDINE. | ||
| 501 | _aSocietà San Paolo EM - Piazza San Paolo, 14 - 12051 ALBA (CN) (non commercial uses only) ® Copyright 2017 | ||
| 520 | _aCURATORE CARLINI ARMANDO. FEDE E RAGIONE. ESISTENZA DI DIO. CREAZIONE DEL MONDO. UOMO. CONOSCENZA DI DIO. BEATITUDINE. | ||
| 650 | _aFILOSOFIA MEDIOEVALE OCCIDENTALE | ||
| 942 | _cBK | ||
| 957 | _71 | ||
| 999 |
_a2716 _bNO _g Copie: 1 _c260953 _d260953 |
||